00915cam a22002537a 4500003000500000005001700005008004100022010001000063011001000073035001100083040000900094100004200103245015800145260004100303300001100344502012400355650002100479650002600500650004400526650002300570650002200593650002500615650002100640CHAP20241119085450.0050316s2004 mx r 00010 spa d a89841 a90813 a101370 cCHAP10aMorales Valderrama, Joaquín Gerardo13aLa cadena agroalimentaria del maíz comercial en Jalisco (1990 - 2000) :breconversión de sus institucionesc/por Joaquín Gerardo Morales Valderrama aChapingo, Méx. :bEl autor,c2001. a312 p. aTesis (Dr. en Ciencias Sociales) -- Universidad de Guadalajara. Centro Universitario de Ciencias Sociales y Humanidades14aAyuda técnica.14aCrédito agrícola.14aMaízxAspectos económicosxJalisco.14aMaízxIndustria.14aMaízxMercadeo.14aMaízxRendimiento.14aMaízzJalisco.